000 00586nam a2200181Ia 4500
005 20250508160021.0
008 008 250505s9999 xx 000 0 eng d
037 _aBooks to be hide in OPAC
040 _aFEDL
_beng
_cFEDL
041 _aeng
_2eng
084 _a370.954, IND/O
_qFEDL
100 _aOrange H W
_9760615
245 0 _aNotes on the powers and duties of Indian municipalities in respect of education
260 _aCalcutta, India
_bSuperintendent Government Printing
_c1910
300 _a41p.
942 _cHB
_h370.954, IND/O
999 _c1361055
_d1361055